Guess The Anime - Statistics

General Stats
  • This quiz has been taken 125 times
  • The average score is 10 of 15
Answer Stats
Hint Anime % Correct
A short shrimp who can jump really high is obsessed with playing volleyball: Haikyu!!
94%
A super out-of-the-box chef goes to an elite cooking school: Food wars
92%
A rubber man striving to be the king of the pirates: One Piece
91%
A boy born with with the soul of a demon wants to be the best of all the ninjas: Naruto
86%
A boy born powerless goes to a famous high school, known for producing fabulous heros: My Hero Academia
83%
He's quite literally the son of satan; blue fire: Blue Exorcist
81%
She fights with the power of the moon to save the earth from disaster: Sailor Moon
81%
A really violent MMORPG game, where thousands die in real life: Sword Art Online
79%
A high school boy who used to be normal, before he ate the super old and shriveled finger of Ryomen Sukuna: JUJUTSU KAISEN
67%
The main character is known as "The Salamander", and therefore has fire powers: Fairy Tail
55%
A 15 year boy, born without power, competes to be the wizard king: Black Clover
50%
It is as war between two high schoolers to see who can get the other to confess their love first: Love is War
46%
A boy is on his way home from the convenience store, when he is transported to another world: Re: ZERO
43%
A high school girl falls into a well, and ends up in the demon world: InuYasha
18%
A super powerful noble nicknamed Rai was asleep in a coffin for 820: Noblesse
11%
No matching quizzes found
Score Distribution
Percent of People with Each Score
Percentile by Number Answered
Your Score History
You have not taken this quiz